| 000 | 01394cam a22003131i 4500 | ||
|---|---|---|---|
| 003 | SA-RiAUC | ||
| 005 | 20250430084502.0 | ||
| 008 | 250427s1980 ua g be 00000 ara c | ||
| 040 |
_aSA-RiAUC _bara _cSA-RiAUC _erda |
||
| 050 | 4 | _b.N32 1980 | |
| 050 | 4 | _bN3268. 1980 | |
| 082 | 0 | 4 | _a257.103 |
| 090 |
_a257.103 _b ن ا د |
||
| 100 | 1 |
_aالنادي، فؤاد محمد _eمؤلف. |
|
| 245 | 1 | 0 |
_aموسوعة الفقه السياسي ونظام الحكم في الإسلام / _cفؤاد محمد النادي. |
| 250 | _aالطبعة الأولى. | ||
| 264 | 1 |
_aالقاهرة : _bدار الكتاب الجامعي، _c1980 |
|
| 300 |
_a2 مجلد ؛ _c24 سم |
||
| 336 |
_aنص _btxt _2rdacontent _3كتاب |
||
| 337 |
_aبدون وسيط _bn _2rdamedia |
||
| 338 |
_aمجلد _bnc _2rdacarrier |
||
| 504 | _aيشتمل على إرجاعات ببليوجرافية. | ||
| 505 | 0 | _aالمحتويات : مجلد 1. نظرية الدولة في الفقه السياسي الإسلامي- مجلد 2. طرق اختيار الخليفة رئيس الدولة. | |
| 650 | 7 |
_aالإسلام _xجوانب سياسية _vدوائر معارف _2aucsh |
|
| 650 | 7 |
_aالنظم السياسية _vدوائر معارف _2aucsh |
|
| 650 | 7 |
_aالخلافة _vدوائر معارف _2aucsh |
|
| 942 |
_2ddc _cBOOK _n0 |
||
| 949 |
_aSA-JeALM _d250427 _umohamedma123 _n1 |
||
| 999 |
_c7485 _d7485 |
||